[Event "28. Torneo San Viator 2017 - Torneo B"]
[Site "Madrid ESP"]
[Date "2017.05.21"]
[Round "7.38"]
[White "Torrecillas Adan, Luis"]
[Black "Perez Ramos, Miguel Angel"]
[Result "1-0"]
[WhiteElo "1475"]
[BlackElo "1169"]
[PlyCount "75"]
[EventDate "2017.03.26"]
[EventType "swiss"]
[EventRounds "9"]
[EventCountry "ESP"]
[SourceTitle "Ajedrez en Madrid"]
[Source "lmi"]
[SourceDate "2017.03.26"]

1. e4 e5 2. Nf3 d6 3. Bc4 h6 4. d3 Be7 5. h3 Bd7 6. O-O c5 7. Nc3 Nf6 8. Nd5 b5
9. Nxf6+ Bxf6 10. Bd5 Bc6 11. Bxc6+ Nxc6 12. a3 a5 13. a4 b4 14. b3 d5 15. Re1
d4 16. Nd2 Ne7 17. Nc4 Ng6 18. g3 Ra6 19. Rf1 Qd7 20. Kg2 Qe7 21. f4 Qc7 22. f5
Nf8 23. g4 Nh7 24. Rh1 Qd8 25. Bd2 O-O 26. Qe2 Re8 27. Rag1 Bg5 28. Bxg5 Qxg5
29. h4 Qd8 30. Qf2 Nf6 31. Kf1 Nd7 32. Qh2 f6 33. Qg2 Qe7 34. Rh3 Rf8 35. Qh2
Rf7 36. g5 h5 37. g6 Rf8 38. Qe2 1-0

[Event "28. Torneo San Viator 2017 - Torneo B"]
[Site "Madrid ESP"]
[Date "2017.05.21"]
[Round "7.39"]
[White "Strejoiv, Christian Ionut"]
[Black "Munoz Munoz, Pablo II"]
[Result "1/2-1/2"]
[WhiteElo "1167"]
[BlackElo "1440"]
[PlyCount "73"]
[EventDate "2017.03.26"]
[EventType "swiss"]
[EventRounds "9"]
[EventCountry "ESP"]
[SourceTitle "Ajedrez en Madrid"]
[Source "lmi"]
[SourceDate "2017.03.26"]

1. d4 d5 2. c4 c6 3. c5 Nf6 4. b4 Bf5 5. Nc3 e6 6. Nf3 Nbd7 7. e3 Be7 8. Be2
Ne4 9. Nxe4 Bxe4 10. O-O O-O 11. Bb2 b6 12. Ne5 Nxe5 13. dxe5 bxc5 14. bxc5
Bxc5 15. Rc1 Qb6 16. Bd4 Bxd4 17. exd4 Rfc8 18. f3 Bg6 19. Kh1 c5 20. dxc5 Rxc5
21. Rxc5 Qxc5 22. Qd2 Rc8 23. Bd3 Bxd3 24. Qxd3 g6 25. h3 Kg7 26. f4 Qc4 27.
Qb1 Rb8 28. Qa1 Rb2 29. f5 gxf5 30. Rg1 Rxa2 31. Qe1 Qe2 32. Qg3+ Kf8 33. Rc1
Rc2 34. Qa3+ Kg7 35. Qg3+ Kf8 36. Qa3+ Kg7 37. Qg3+ 1/2-1/2